| 000 | 00392cam a2200157ua 4500 | ||
|---|---|---|---|
| 003 | OSt | ||
| 008 | 241223b |||||||| |||| 00| 0 eng d | ||
| 041 | _aeng | ||
| 082 |
_a621.313 _bSPR/FR |
||
| 100 |
_aSpreadbury, F.G . _96542 |
||
| 245 | _aFractional H.P.electric motors / | ||
| 250 | _a1 / | ||
| 260 |
_aLondon : _bSir Isaac Pitman & Sons Ltd , _c1951. |
||
| 300 | _a3 ; . | ||
| 942 | _cBK | ||
| 999 |
_c2001 _d2001 |
||